000 00758nam a2200229 4500
005 20250624121810.0
010 _aENG-145527
020 _a978936163880
_c320.00
035 _aEN-129059
037 _bDBAD
082 _a363.7
_21
100 _aRangasami shri S.R
_982274
245 _aSustainable practices for natural resource management and agroforestry/
_cS.R.Shi Rangasami...[et,al]
250 _a1
260 _aMadurai
_bShanlax Publications
_c2024
270 _a61,66 Vasantha Nagar
_bMadurai
_e625003
_mshanlaxpublications@gmail.com
300 _a229p.
_c22cm(Pb)
700 _aAjaykumar.R
_eAuthor
_982248
700 _aPrabakaran.P
_eAuthor
_982249
700 _aHarishankar.K
_eAuthor
_982250
942 _mRAN
_2ddc
_cEN
_h363.7
999 _c211916
_d211916